[Event "Bethune op"]
[Site "Bethune"]
[Date "2004.07.09"]
[Round "8"]
[White "Molin, Laurent"]
[Black "Pigeon, Herve"]
[Result "0-1"]
[WhiteElo "1810"]
[BlackElo "1890"]
[PlyCount "76"]
[EventDate "2004.07.03"]
[EventType "swiss"]
[EventRounds "9"]
[EventCountry "FRA"]
[SourceTitle "EXT 2005"]
[Source "ChessBase"]
[SourceDate "2004.11.15"]
[SourceVersion "1"]
[SourceVersionDate "2004.11.15"]
[SourceQuality "1"]

1. e4 e6 2. d4 d5 3. Nc3 Nf6 4. e5 Nfd7 5. Nf3 c5 6. a3 Nc6 7. Na2 cxd4 8. Bf4 Qb6 9. Rb1 Be7 10. Bd3 f6 11. Qe2 fxe5 12. Nxe5 Ndxe5 13. Bxe5 Nxe5 14. Qxe5 Bf6 15. Qh5+ g6 16. Qf3 0-0 17. Qg3 Bg7 18. h4 e5 19. Nb4 e4 20. Be2 Qe6 21. Qb3 Kh8 22. Qxd5 a5 23. Bc4 Qf6 24. 0-0 axb4 25. axb4 Qe5 26. Rfe1 Qxd5 27. Bxd5 e3 28. fxe3 dxe3 29. c3 Bh6 30. Bf3 Rb8 31. Ra1 b6 32. Ra7 Be6 33. Rd1 Rfd8 34. h5 Rxd1+ 35. Bxd1 gxh5 36. Bc2 Bg8 37. Rd7 Re8 38. Bd3 e2 0-1

[Event "Bethune op"]
[Site "Bethune"]
[Date "2004.07.03"]
[Round "1"]
[White "Pigeon, Herve"]
[Black "Danger, Stephane"]
[Result "0-1"]
[WhiteElo "1910"]
[BlackElo "1830"]
[PlyCount "70"]
[EventDate "2004.07.03"]
[EventType "swiss"]
[EventRounds "9"]
[EventCountry "FRA"]
[SourceTitle "EXT 2005"]
[Source "ChessBase"]
[SourceDate "2004.11.15"]
[SourceVersion "1"]
[SourceVersionDate "2004.11.15"]
[SourceQuality "1"]

1. e4 e6 2. d4 d5 3. Nd2 Be7 4. e5 c5 5. c3 Qb6 6. Nb3 Bd7 7. Nxc5 Bxc5 8. dxc5 Qxc5 9. Be3 Qc7 10. f4 Ne7 11. Bd3 Bc6 12. Nf3 Nd7 13. 0-0 g6 14. Qe2 a6 15. a4 Nf5 16. Bxf5 gxf5 17. Nd4 b6 18. Qh5 Nc5 19. b4 Ne4 20. Nxe6 Qd7 21. Ng7+ Kf8 22. Bd4 Rg8 23. Nxf5 Rg6 24. Ne3 Kg8 25. Rf3 Nxc3 26. Rh3 Ne2+ 27. Kh1 Nxd4 28. Qxh7+ Kf8 29. Qh8+ Ke7 30. Qh4+ Kf8 31. Qh8+ Rg8 32. Qh6+ Ke7 33. Qf6+ Ke8 34. Rd1 Ne2 35. Nc4 dxc4 0-1

[Event "Bethune-C"]
[Site "Bethune"]
[Date "2002.07.10"]
[Round "5.12"]
[White "Griffon, Olivier"]
[Black "Pigeon, Herve"]
[Result "1-0"]
[WhiteElo "1860"]
[BlackElo "1800"]
[PlyCount "93"]
[EventDate "2002.07.06"]
[EventType "tourn"]
[EventRounds "9"]
[EventCountry "FRA"]
[SourceTitle "EXT 2005"]
[Source "ChessBase"]
[SourceDate "2004.11.15"]
[SourceVersion "1"]
[SourceVersionDate "2004.11.15"]
[SourceQuality "1"]

1. d4 Nf6 2. Bg5 c5 3. Bxf6 gxf6 4. d5 Qb6 5. Qc1 f5 6. c4 Bg7 7. Nc3 d6 8. e3 Nd7 9. Bd3 Nf6 10. f3 e6 11. Nge2 exd5 12. cxd5 0-0 13. 0-0 Bh6 14. f4 Re8 15. Rf3 Ne4 16. Nxe4 fxe4 17. Rg3+ Bg7 18. Qc3 f6 19. Qxf6 Qc7 20. Bc2 Kh8 21. Qg5 Qf7 22. f5 Bf6 23. Qh6 Bg7 24. Qg5 Bf6 25. Qh6 Bg7 26. Rxg7 Qxg7 27. Qxg7+ Kxg7 28. g4 h5 29. h3 hxg4 30. hxg4 Kf6 31. Nc3 Ke5 32. Nxe4 Rg8 33. Nf2 Kxd5 34. Rd1+ Ke5 35. Bb3 Rg7 36. Rd5+ Kf6 37. Ne4+ Kf7 38. Rxd6+ Ke8 39. Ba4+ Kf7 40. g5 Bxf5 41. Rf6+ Ke7 42. Rxf5 b6 43. Bb3 Rh8 44. Kg2 Rc8 45. Re5+ Kf8 46. Kg3 c4 47. Ba4 1-0